01213nam a2200301 u 45000010006000000050017000060080041000230350010000640400013000740410008000870820008000951000056001032450026001592600043001853000018002286500052002466500035002986500043003336500036003766500041004126500050004537000059005037000054005629420010006169990017006265000105006439520163007486683220260504071614.0960313s1992 ||||||m| spa  a66832 ccomduadb aspa 4a37110aBohorquez Agudelo, Pedro Hernando4auteaut948165113aEl maestro orientador aMedellín :b[sin publicador],c1992. a253 páginas 7aFormación profesional de maestros2lemb91625 aOrientación educativa912173 0aProceso enseñanza-aprendizaje924864 aOrientación estudiantil91351 7aCapacitación docente2lemb9217190 7aRelaciones maestro-estudiante2armarc922171210aCarvajal Bustamante, Teresa de Jesus4auteaut926236710aRodriguez Rivera, Antonio Jesus4auteaut9481652 cTESIS c25927d25927 aTesis (Especialista en Supervision Educativa) Universidad de Antioquia - Título del grado otorgado 001040708TESISBCaBCbBCd1998-05-14eMaterial adquirido por donacióniC108243l0o371.1 B677mp61000002256192r2023-04-20 00:00:00t1w2023-04-20yTESIS